| 000 | 00749nam a22002177a 4500 | ||
|---|---|---|---|
| 999 |
_c20078 _d20078 |
||
| 003 | AR-CdUCM | ||
| 008 | 190525b ||||| |||| 00| 0 spa d | ||
| 040 |
_aMUNICIPALIDAD PROVINCIAL DEL CUSCO _cBIBLIOTECA MUNICIPAL DEL CUSCO |
||
| 082 |
_a330 / _bO86 _24ed. |
||
| 100 |
_aOtero, Carlos / Jiménez, Luis y otros _942002 |
||
| 245 |
_aEconomía política : _bElementos básicos / |
||
| 260 |
_aLima : _bDesco, _c1981 |
||
| 300 |
_a238 páginas _c21cm. _bFotografías |
||
| 505 | _aContenido: Los bienes económicos -- El proceso productivo -- La circulación... | ||
| 650 |
_aEconomia _9382 |
||
| 650 |
_aLos flujos _942003 |
||
| 650 |
_aLos polos _942004 |
||
| 650 |
_aCircuito económico _942005 |
||
| 942 |
_2ddc _cLIBROS |
||
| 945 | _aJavier | ||